[Event "TCh-FRA Top 12 2016"]
[Site "Drancy FRA"]
[Date "2016.06.01"]
[Round "5.2"]
[Board "5"]
[White "Sanikidze, Tornike"]
[Black "Libiszewski, Fabien"]
[Result "1/2-1/2"]
[WhiteTitle "GM"]
[BlackTitle "GM"]
[WhiteElo "2537"]
[BlackElo "2533"]
[WhiteTeam "C.E. STRASBOURG"]
[BlackTeam "Echecs Club MONTPELLIER"]
[WhiteFideId "13602608"]
[BlackFideId "616834"]
[EventDate "2016.05.28"]

1. d4 d5 2. c4 e6 3. Nf3 Nf6 4. Bg5 Bb4+ 5. Nc3 h6 6. Bxf6 Qxf6 7. Qa4+ Nc6 8.
e3 O-O 9. Be2 dxc4 10. O-O Bd7 11. Bxc4 Bxc3 12. bxc3 Rfd8 13. Qc2 Na5 14. Bd3
c5 15. Ne5 Be8 16. f4 Rac8 17. Qf2 cxd4 18. cxd4 Qe7 19. f5 f6 20. Qh4 Nc6 21.
Ng4 e5 22. Bc4+ Bf7 23. Be6 Bxe6 24. fxe6 f5 25. Nxh6+ gxh6 26. Qxh6 Qg7 27. Qh5
f4 28. Rf3 Nxd4 29. exd4 e4 30. Qf7+ Qxf7 31. exf7+ Kf8 32. Rxf4 Rxd4 33. Raf1
Rc7 34. h4 Rcd7 35. Re1 e3 36. Rxd4 Rxd4 37. g3 Rd2 38. Rxe3 Rxa2 39. Rf3 b5 40.
h5 b4 41. g4 Ra3 42. Rf4 b3 43. h6 b2 44. Rb4 Kxf7 45. Rxb2 Rg3+ 46. Kf2 Rxg4
47. Rb7+ Kg8 48. Rxa7 Rg6 49. Rg7+ Rxg7 50. hxg7 Kxg7 1/2-1/2

[Event "TCh-FRA Top 12 2016"]
[Site "Drancy FRA"]
[Date "2016.06.01"]
[Round "5.2"]
[Board "6"]
[White "Brochet, Philippe"]
[Black "Vaisser, Anatoly"]
[Result "1-0"]
[WhiteTitle "IM"]
[BlackTitle "GM"]
[WhiteElo "2379"]
[BlackElo "2509"]
[WhiteTeam "Echecs Club MONTPELLIER"]
[BlackTeam "C.E. STRASBOURG"]
[WhiteFideId "602469"]
[BlackFideId "603252"]
[EventDate "2016.05.28"]

1. e4 e6 2. d4 d5 3. Nd2 c5 4. exd5 Qxd5 5. Ngf3 cxd4 6. Bc4 Qd6 7. O-O Nf6 8.
Nb3 Nc6 9. Nbxd4 Nxd4 10. Nxd4 Be7 11. c3 O-O 12. Qf3 Qc7 13. Bd3 Bd7 14. Re1
Bd6 15. Bg5 Bxh2+ 16. Kh1 Be5 17. Qh3 h6 18. Rxe5 hxg5 19. Rxg5 Qf4 20. Qh6 Qxg5
21. Qxg5 Rfd8 22. Re1 Rac8 23. Re3 Kf8 24. Rg3 Ke7 25. Qe5 Rh8+ 26. Kg1 Kf8 27.
Bb5 Bxb5 28. Qxb5 b6 29. Qb4+ Kg8 30. Qe7 Rh6 31. Nxe6 Nh5 32. Qg5 Rh7 33. Rh3
g6 34. g4 Re8 35. Rxh5 1-0

[Event "TCh-FRA Top 12 2016"]
[Site "Drancy FRA"]
[Date "2016.06.01"]
[Round "5.2"]
[Board "7"]
[White "Sharif, Mehrshad"]
[Black "Touzane, Olivier"]
[Result "1/2-1/2"]
[WhiteTitle "IM"]
[BlackTitle "IM"]
[WhiteElo "2425"]
[BlackElo "2308"]
[WhiteTeam "C.E. STRASBOURG"]
[BlackTeam "Echecs Club MONTPELLIER"]
[WhiteFideId "600121"]
[BlackFideId "602906"]
[EventDate "2016.05.28"]

1. Nf3 d5 2. d4 e6 3. Bf4 f5 4. e3 Nf6 5. c4 c6 6. Nc3 Be7 7. Ne5 O-O 8. Bd3
Nfd7 9. O-O Nxe5 10. Bxe5 Nd7 11. Bg3 Bh4 12. Bxh4 Qxh4 13. Qd2 b6 14. b4 Qe7
15. cxd5 cxd5 16. Ne2 Nf6 17. Qb2 Bd7 18. Rfc1 Ne8 19. b5 Nd6 20. Qb4 Rfc8 21.
a4 Kf8 22. h4 Nb7 23. Qxe7+ Kxe7 24. Kh2 Na5 25. Rab1 g6 26. Ng1 Rxc1 27. Rxc1
Rc8 28. Rxc8 Bxc8 29. Nf3 Bd7 30. Ne5 Be8 31. f3 h6 32. g4 Kf6 33. Kg3 g5 34.
hxg5+ hxg5 35. f4 gxf4+ 36. Kxf4 fxg4 37. Nxg4+ Ke7 38. Kg5 1/2-1/2

[Event "TCh-FRA Top 12 2016"]
[Site "Drancy FRA"]
[Date "2016.06.01"]
[Round "5.2"]
[Board "8"]
[White "Haussernot, Cecile"]
[Black "Vitoux, Colomban"]
[Result "0-1"]
[WhiteTitle "WFM"]
[BlackTitle "IM"]
[WhiteElo "2087"]
[BlackElo "2385"]
[WhiteTeam "Echecs Club MONTPELLIER"]
[BlackTeam "C.E. STRASBOURG"]
[WhiteFideId "601632"]
[BlackFideId "628549"]
[EventDate "2016.05.28"]

1. e4 Nf6 2. e5 Ng8 3. d4 d6 4. Nf3 Bg4 5. h3 Bh5 6. g4 Bg6 7. Bg2 e6 8. Qe2 d5
9. O-O Nd7 10. c4 dxc4 11. Qxc4 Nb6 12. Qe2 Ne7 13. Nc3 Qd7 14. Ng5 Ned5 15. f4
h6 16. f5 hxg5 17. fxg6 f6 18. exf6 gxf6 19. Nxd5 Nxd5 20. Bxd5 Qxd5 21. Rxf6
Qxd4+ 22. Rf2 Qd5 23. Rf5 Bc5+ 24. Be3 Qe4 25. Qb5+ c6 26. Qxc5 exf5 27. g7 Rg8
28. Bxg5 Rxg7 29. Qc3 Rxg5 30. Re1 O-O-O 31. Rxe4 fxe4 32. Qf6 Rgd5 33. Qe6+ Kb8
34. Kf2 Rd2+ 35. Kg3 e3 36. g5 e2 37. g6 R2d6 38. Qxe2 Rxg6+ 39. Kh2 Rh6 40. Qe3
Rdh8 41. Qe5+ Ka8 42. Kg2 Rxh3 43. Kf2 Rd8 44. Ke2 Rhh8 45. Kf3 Rhf8+ 46. Kg4
Rg8+ 47. Kf3 Rdf8+ 0-1

[Event "TCh-FRA Top 12 2016"]
[Site "Drancy FRA"]
[Date "2016.06.01"]
[Round "5.3"]
[Board "1"]
[White "Gharamian, Tigran"]
[Black "Krasenkow, Michal"]
[Result "1/2-1/2"]
[WhiteTitle "GM"]
[BlackTitle "GM"]
[WhiteElo "2627"]
[BlackElo "2610"]
[WhiteTeam "NICE Alekhine"]
[BlackTeam "L'Echiquier Chalonnais, CHALONS-EN-CHAMPAGNE"]
[WhiteFideId "13301527"]
[BlackFideId "1113100"]
[EventDate "2016.05.28"]

1. e4 e5 2. Nf3 Nc6 3. Bb5 Nf6 4. d3 d6 5. O-O Bd7 6. Re1 g6 7. d4 Bg7 8. d5 Ne7
9. Bxd7+ Qxd7 10. c4 O-O 11. Nc3 c6 12. dxc6 Nxc6 13. b3 Rfc8 14. Bb2 Bh6 15.
Qe2 Qe6 16. Rad1 Ne8 17. Nd5 Ne7 18. Ba3 Nxd5 19. Rxd5 b6 20. Red1 Rc6 21. Ne1
a5 22. Nc2 Qe7 23. R5d3 Rac8 24. Ne3 Bxe3 25. Qxe3 Rd8 26. Qd2 Qb7 27. Qe1 f6
28. h3 Qe7 29. R1d2 Qe6 30. Qd1 Kf7 31. Rd5 Ke7 32. c5 bxc5 33. Bxc5 Ra8 34. Ba3
Raa6 35. Rc2 Qc8 36. Rxc6 Qxc6 37. Qd3 Ra8 38. Qc4 Qxc4 39. bxc4 Rc8 40. c5 dxc5
41. Bxc5+ Ke6 42. Ba3 Rc2 43. Rxa5 Rxa2 44. Ra7 Nd6 45. Ra6 Kf7 46. Rxd6 Rxa3 1/2-1/2

[Event "TCh-FRA Top 12 2016"]
[Site "Drancy FRA"]
[Date "2016.06.01"]
[Round "5.3"]
[Board "2"]
[White "Salgado Lopez, Ivan"]
[Black "Wagner, Dennis"]
[Result "1/2-1/2"]
[WhiteTitle "GM"]
[BlackTitle "GM"]
[WhiteElo "2618"]
[BlackElo "2571"]
[WhiteTeam "L'Echiquier Chalonnais, CHALONS-EN-CHAMPAGNE"]
[BlackTeam "NICE Alekhine"]
[WhiteFideId "2257327"]
[BlackFideId "24650684"]
[EventDate "2016.05.28"]

1. d4 Nf6 2. c4 e6 3. Nc3 Bb4 4. Qc2 d5 5. a3 Bxc3+ 6. Qxc3 dxc4 7. Qxc4 b6 8.
Nf3 Ba6 9. Qa4+ Qd7 10. Qc2 h6 11. g3 Bb7 12. Bg2 Be4 13. Qc4 Nc6 14. O-O Na5
15. Qc3 Nd5 16. Qe1 Bxf3 17. exf3 Nb3 18. Rb1 Nxd4 19. b4 O-O 20. Bb2 Nf5 21. f4
c6 22. Qe5 f6 23. Qe2 a5 24. bxa5 Rxa5 25. Rfe1 Re8 26. Be4 Re7 27. Rbc1 c5 28.
Qh5 Rf7 29. Rcd1 c4 30. Bc3 Nxg3 31. hxg3 Nxc3 32. Rxd7 Rxh5 33. Bh7+ Kxh7 34.
Rxf7 Rc5 35. Rxe6 Kg6 36. Rd7 Nd5 37. Re2 c3 38. Rc2 Kf5 39. f3 g5 40. fxg5 hxg5
41. Kf2 Ke5 42. Ke2 Kd4 43. Ra7 Kc4 44. Rc1 Rb5 45. Ra4+ Kb3 46. Rd4 Kb2 47. a4
Rb4 48. Rdd1 c2 49. Rxc2+ Kxc2 50. Rxd5 Rxa4 51. Rb5 Ra6 52. Rf5 Ra8 53. Rxf6
Re8+ 54. Kf2 Rb8 55. Rc6+ Kd3 56. Rd6+ Kc4 57. Rc6+ Kd4 58. Rd6+ 1/2-1/2

[Event "TCh-FRA Top 12 2016"]
[Site "Drancy FRA"]
[Date "2016.06.01"]
[Round "5.3"]
[Board "3"]
[White "Rambaldi, Francesco"]
[Black "Velten, Paul"]
[Result "0-1"]
[WhiteTitle "GM"]
[BlackTitle "IM"]
[WhiteElo "2554"]
[BlackElo "2469"]
[WhiteTeam "NICE Alekhine"]
[BlackTeam "L'Echiquier Chalonnais, CHALONS-EN-CHAMPAGNE"]
[WhiteFideId "20657307"]
[BlackFideId "681091"]
[EventDate "2016.05.28"]

1. e4 c6 2. d4 d5 3. Nd2 dxe4 4. Nxe4 Nd7 5. Ng5 h6 6. Ne6 Qb6 7. Nxf8 Nxf8 8.
c3 Bf5 9. Ne2 Nf6 10. Ng3 Bg6 11. Bc4 N8d7 12. f4 c5 13. f5 Bh7 14. O-O cxd4 15.
cxd4 Ne5 16. Qa4+ Nc6 17. Ne2 O-O 18. Kh1 Rad8 19. Be3 Nd5 20. Bg1 Na5 21. b3 e6
22. Bxd5 exd5 23. Ng3 Rfe8 24. Qa3 f6 25. Rae1 Nc6 26. Qb2 Qc7 27. Qf2 Qd7 28.
Qf3 Kh8 29. Qg4 Rxe1 30. Rxe1 Re8 31. Rxe8+ Qxe8 32. Qf4 Qd7 33. Be3 a6 34. h3
Ne7 35. Kh2 Bxf5 36. Qb8+ Kh7 37. Nh5 Bg6 38. Ng3 Nc6 39. Qf4 Bb1 40. Qf1 Bg6
41. Qf4 a5 42. Bd2 b5 43. a3 a4 44. bxa4 bxa4 45. Ne2 Qe7 46. Qe3 Be4 47. g4 Qd7
48. Kg1 Ne7 49. Ng3 Bg6 50. Kf2 Nc8 51. Bb4 Nd6 52. Bxd6 Qxd6 53. Ne2 Be4 54.
Qg3 Qb6 55. Qc3 Qb8 56. Ke1 Qb1+ 57. Kf2 Qh1 58. Qg3 Qd1 59. Qe3 Bd3 60. Nf4
Qc2+ 61. Ke1 Qb1+ 62. Kd2 Be4 63. Ne2 Qf1 64. Nc1 Bg2 65. h4 Bf3 66. g5 Qg2+ 67.
Kc3 fxg5 68. hxg5 h5 69. Nd3 Be4 70. Nf4 Qxg5 71. Kb4 Qe7+ 72. Ka5 h4 73. Nh3
Qa7+ 74. Kb5 Bf5 75. Ng5+ Kg6 76. Qf4 Bd7+ 77. Kb4 Qb6+ 78. Kc3 Qf6 79. Qc7 Bg4 0-1

[Event "TCh-FRA Top 12 2016"]
[Site "Drancy FRA"]
[Date "2016.06.01"]
[Round "5.3"]
[Board "4"]
[White "Cossin, Sebastien"]
[Black "Palac, Mladen"]
[Result "0-1"]
[WhiteTitle "IM"]
[BlackTitle "GM"]
[WhiteElo "2514"]
[BlackElo "2577"]
[WhiteTeam "L'Echiquier Chalonnais, CHALONS-EN-CHAMPAGNE"]
[BlackTeam "NICE Alekhine"]
[WhiteFideId "618802"]
[BlackFideId "14500116"]
[EventDate "2016.05.28"]

1. d4 Nf6 2. c4 e6 3. Nc3 Bb4 4. Qc2 O-O 5. Nf3 d5 6. a3 Bxc3+ 7. Qxc3 dxc4 8.
Qxc4 b6 9. Bg5 Ba6 10. Qc3 h6 11. Bxf6 Qxf6 12. g3 c5 13. dxc5 Qxc3+ 14. bxc3
bxc5 15. Ne5 Bb7 16. f3 Nc6 17. Nd7 Rfc8 18. Rb1 Nd8 19. Ne5 f6 20. Nd3 c4 21.
Nb4 Rab8 22. Bg2 a5 23. Nc2 Bc6 24. Kd2 Ba4 25. f4 Nc6 26. Rxb8 Rxb8 27. Ne3
Rb2+ 28. Ke1 Ra2 29. Nxc4 Bb5 30. Nd6 Rxe2+ 31. Kf1 Ba6 32. Bxc6 Rd2+ 33. Bb5
Rxd6 34. Bxa6 Rxa6 35. Ke2 Rb6 36. Kd3 Kf7 37. Kc4 a4 38. Kc5 Rb3 39. c4 Rxa3
40. Rd1 Ke7 41. Kc6 f5 42. Rd7+ Kf6 43. Ra7 Ra1 44. c5 a3 45. Rb7 g5 46. Rd7
gxf4 47. gxf4 a2 48. Rd2 e5 49. fxe5+ Kxe5 50. Re2+ Kd4 51. Kd6 Kd3 52. Rg2 f4
53. c6 f3 54. c7 fxg2 55. c8=Q Rd1 56. Qa6+ Ke3+ 0-1

[Event "TCh-FRA Top 12 2016"]
[Site "Drancy FRA"]
[Date "2016.06.01"]
[Round "5.3"]
[Board "5"]
[White "Stevic, Hrvoje"]
[Black "Letreguilly, Olivier"]
[Result "1-0"]
[WhiteTitle "GM"]
[BlackTitle "FM"]
[WhiteElo "2607"]
[BlackElo "2306"]
[WhiteTeam "NICE Alekhine"]
[BlackTeam "L'Echiquier Chalonnais, CHALONS-EN-CHAMPAGNE"]
[WhiteFideId "14502569"]
[BlackFideId "600997"]
[EventDate "2016.05.28"]

1. e4 g6 2. d4 Bg7 3. Nc3 d6 4. Be3 a6 5. Qd2 b5 6. h4 h5 7. Nh3 Nd7 8. Ng5 Bb7
9. a4 c6 10. f4 e6 11. f5 gxf5 12. exf5 Qe7 13. fxe6 fxe6 14. Bd3 O-O-O 15. O-O
Nh6 16. axb5 cxb5 17. Nxb5 axb5 18. Ra7 Nb6 19. Bxb5 Kb8 20. Qa5 Nc8 21. Ra1
Nxa7 22. Qxa7+ Kc8 23. Ra3 Rd7 24. Ba6 Rc7 25. Bxb7+ Kd8 26. Qb8+ Kd7 27. Bc6+ 1-0

[Event "TCh-FRA Top 12 2016"]
[Site "Drancy FRA"]
[Date "2016.06.01"]
[Round "5.3"]
[Board "6"]
[White "Favarel, Antoine"]
[Black "Sulava, Nenad"]
[Result "0-1"]
[WhiteTitle "FM"]
[BlackTitle "GM"]
[WhiteElo "2348"]
[BlackElo "2416"]
[WhiteTeam "L'Echiquier Chalonnais, CHALONS-EN-CHAMPAGNE"]
[BlackTeam "NICE Alekhine"]
[WhiteFideId "642371"]
[BlackFideId "14500205"]
[EventDate "2016.05.28"]

1. d4 d5 2. c4 dxc4 3. e3 Nf6 4. Bxc4 e6 5. Nf3 a6 6. a4 b6 7. O-O Bb7 8. Qe2
Nbd7 9. Nc3 c5 10. Rd1 Qc7 11. d5 exd5 12. Nxd5 Nxd5 13. Bxd5 Bxd5 14. Rxd5 Be7
15. e4 O-O 16. Bf4 Qc6 17. Ne5 Nxe5 18. Bxe5 Rfe8 19. Qg4 Bf8 20. b3 Re6 21. Bc3
Rae8 22. f3 b5 23. Qg5 b4 24. Bd2 h6 25. Qf5 Rf6 26. Qd7 Qxd7 27. Rxd7 c4 28.
bxc4 Rc8 29. a5 Rfc6 30. Kf1 Rxc4 31. Ke2 Rc2 32. Kd1 b3 33. Rb1 b2 34. Rd3 Bb4
35. Rd8+ Rxd8 36. Kxc2 Rxd2+ 0-1

[Event "TCh-FRA Top 12 2016"]
[Site "Drancy FRA"]
[Date "2016.06.01"]
[Round "5.3"]
[Board "7"]
[White "Babault, Patrice"]
[Black "Anic, Darko"]
[Result "1/2-1/2"]
[WhiteTitle "FM"]
[BlackTitle "GM"]
[WhiteElo "2412"]
[BlackElo "2381"]
[WhiteTeam "NICE Alekhine"]
[BlackTeam "L'Echiquier Chalonnais, CHALONS-EN-CHAMPAGNE"]
[WhiteFideId "623822"]
[BlackFideId "602612"]
[EventDate "2016.05.28"]

1. e4 e5 2. Nf3 Nc6 3. Bb5 Nf6 4. O-O Nxe4 5. d4 Nd6 6. Bxc6 dxc6 7. dxe5 Nf5 8.
Qxd8+ Kxd8 9. Nc3 Be7 10. h3 Nh4 11. Nxh4 Bxh4 12. Be3 h5 13. Rad1+ Ke8 14. Rd2
Bf5 15. Ne2 Rd8 16. Nd4 Bc8 17. Rfd1 Be7 18. Nf3 Rxd2 19. Rxd2 b6 20. Kh2 h4 21.
Nd4 Bd7 22. f4 c5 23. Ne2 Rh5 24. c4 f6 25. exf6 Bxf6 26. b3 Rh8 27. Rd1 a5 28.
Bd2 Bc6 29. Bc3 Kf7 30. Bxf6 gxf6 31. Nc3 Rg8 32. Nd5 Rg3 33. Rd2 Bxd5 34. Rxd5
a4 35. Rh5 axb3 36. axb3 Rxb3 37. f5 Rb4 38. Rxh4 b5 39. Rh7+ Kg8 40. Rxc7 Rxc4
41. g4 b4 42. Rb7 Rc3 43. h4 b3 44. g5 Rf3 45. Kg2 Rxf5 46. Rxb3 fxg5 47. Rg3
Kf7 48. Rxg5 Rxg5+ 49. hxg5 Kg6 50. Kf3 Kxg5 51. Ke4 1/2-1/2

[Event "TCh-FRA Top 12 2016"]
[Site "Drancy FRA"]
[Date "2016.06.01"]
[Round "5.3"]
[Board "8"]
[White "De Seroux, Camille"]
[Black "Collas, Silvia"]
[Result "1/2-1/2"]
[WhiteTitle "WFM"]
[BlackTitle "IM"]
[WhiteElo "2085"]
[BlackElo "2308"]
[WhiteTeam "L'Echiquier Chalonnais, CHALONS-EN-CHAMPAGNE"]
[BlackTeam "NICE Alekhine"]
[WhiteFideId "1305620"]
[BlackFideId "2902265"]
[EventDate "2016.05.28"]

1. e4 d6 2. d4 Nf6 3. Nc3 e5 4. Nf3 Nbd7 5. Bc4 Be7 6. O-O O-O 7. a4 a6 8. Re1
b6 9. Ba2 Bb7 10. h3 b5 11. axb5 axb5 12. dxe5 dxe5 13. Nxb5 Nxe4 14. Be3 Kh8
15. Qd3 f5 16. Be6 Rxa1 17. Rxa1 Nec5 18. Bxc5 Nxc5 19. Qxd8 Bxd8 20. Bc4 Bf6
21. Ra7 Rb8 22. Nxc7 e4 23. Nd2 f4 24. b4 e3 25. fxe3 fxe3 26. Nf3 Ne4 27. Na6
Bxa6 28. Rxa6 h5 29. b5 Nd2 30. Nxd2 exd2 31. Rd6 Bg5 32. Rd5 Be3+ 33. Kf1 g5
34. Be2 h4 35. Bf3 Rc8 36. Ke2 Bf4 37. Kd1 Kg7 38. b6 Rc4 39. b7 Rb4 40. Rd7+
Kf6 41. c3 Rb2 42. Rd4 Ke5 43. Rd8 Ke6 44. Be4 Ke7 45. Rc8 Rb6 46. c4 Re6 47.
b8=Q Bxb8 48. Rxb8 Rxe4 49. Rb5 g4 50. Kxd2 1/2-1/2

[Event "TCh-FRA Top 12 2016"]
[Site "Drancy FRA"]
[Date "2016.06.01"]
[Round "5.4"]
[Board "1"]
[White "David, Alberto"]
[Black "Duda, Jan-Krzysztof"]
[Result "1/2-1/2"]
[WhiteTitle "GM"]
[BlackTitle "GM"]
[WhiteElo "2571"]
[BlackElo "2666"]
[WhiteTeam "Les Tours de Haute Picardie, SAINT QUENTIN"]
[BlackTeam "C.E. de BOIS COLOMBES"]
[WhiteFideId "4000013"]
[BlackFideId "1170546"]
[EventDate "2016.05.28"]

1. e4 c5 2. Nf3 d6 3. Bb5+ Nd7 4. d4 cxd4 5. Qxd4 a6 6. Bxd7+ Bxd7 7. Nc3 Rc8 8.
Bg5 h6 9. Bh4 e5 10. Qd3 g5 11. Bg3 Nf6 12. O-O-O Qa5 13. Rhe1 Be7 14. Kb1 O-O
15. h4 g4 16. Nd2 b5 17. f4 Rxc3 18. bxc3 Be6 19. Nb3 Qc7 20. fxe5 dxe5 21. Nd4
Bc4 22. Qd2 Nh5 23. Bh2 Nf4 24. Bxf4 exf4 25. Nf5 Be6 26. Nxe7+ Qxe7 27. Qxf4
Qa3 28. Rd5 Qxc3 29. Re3 Qg7 30. Rg3 Rc8 31. Re5 Kh7 32. Rxe6 fxe6 33. Qxg4 Qxg4
34. Rxg4 Rc4 35. Kb2 a5 36. a3 e5 37. c3 b4 38. cxb4 axb4 39. a4 Rc3 40. h5 Ra3
41. Rg6 Rxa4 42. Re6 b3 43. Rxe5 Rb4 44. Re7+ Kg8 45. Re6 Kh7 46. g4 Kg7 47.
Rg6+ Kh7 48. e5 Re4 49. e6 Re3 50. Ka3 Rf3 51. Kb2 Re3 52. Rf6 Kg7 53. Rg6+ 1/2-1/2

[Event "TCh-FRA Top 12 2016"]
[Site "Drancy FRA"]
[Date "2016.06.01"]
[Round "5.4"]
[Board "2"]
[White "Ipatov, Alexander"]
[Black "Kveinys, Aloyzas"]
[Result "1/2-1/2"]
[WhiteTitle "GM"]
[BlackTitle "GM"]
[WhiteElo "2648"]
[BlackElo "2539"]
[WhiteTeam "C.E. de BOIS COLOMBES"]
[BlackTeam "Les Tours de Haute Picardie, SAINT QUENTIN"]
[WhiteFideId "14116731"]
[BlackFideId "12800040"]
[EventDate "2016.05.28"]

1. d4 Nf6 2. c4 e6 3. Nf3 d5 4. g3 dxc4 5. Bg2 a6 6. O-O Nc6 7. e3 Bd7 8. Nc3
Bd6 9. Qe2 b5 10. e4 Be7 11. d5 Nb4 12. Ne5 O-O 13. a3 Nd3 14. Nxd3 cxd3 15.
Qxd3 e5 16. h3 Bd6 17. Be3 Qe7 18. Rac1 Rfc8 19. Rfd1 h6 20. Na2 a5 21. b4 Ne8
22. Rc2 c6 23. Bc5 cxd5 24. exd5 axb4 25. axb4 Ra6 26. Qe3 Bf5 27. Rcd2 Bxc5 28.
bxc5 Qxc5 29. Qxe5 Nd6 30. Rc1 Qa3 31. Rc6 Re8 32. Qf4 g5 33. Qf3 1/2-1/2

[Event "TCh-FRA Top 12 2016"]
[Site "Drancy FRA"]
[Date "2016.06.01"]
[Round "5.4"]
[Board "3"]
[White "Degraeve, Jean-Marc"]
[Black "Maze, Sebastien"]
[Result "1/2-1/2"]
[WhiteTitle "GM"]
[BlackTitle "GM"]
[WhiteElo "2561"]
[BlackElo "2614"]
[WhiteTeam "Les Tours de Haute Picardie, SAINT QUENTIN"]
[BlackTeam "C.E. de BOIS COLOMBES"]
[WhiteFideId "600270"]
[BlackFideId "613762"]
[EventDate "2016.05.28"]

1. e4 e5 2. Nf3 Nc6 3. Bc4 Bc5 4. O-O Nf6 5. d3 O-O 6. Nbd2 a6 7. c3 d6 8. Bb3
h6 9. Re1 Re8 10. Nf1 Ba7 11. h3 Be6 12. Be3 Bxe3 13. Nxe3 Bxb3 14. Qxb3 Qd7 15.
Nd5 Nxd5 16. Qxd5 Qe6 17. Qxe6 1/2-1/2

[Event "TCh-FRA Top 12 2016"]
[Site "Drancy FRA"]
[Date "2016.06.01"]
[Round "5.4"]
[Board "4"]
[White "Bachmann, Axel"]
[Black "Lazarev, Vladimir"]
[Result "1-0"]
[WhiteTitle "GM"]
[BlackTitle "GM"]
[WhiteElo "2632"]
[BlackElo "2378"]
[WhiteTeam "C.E. de BOIS COLOMBES"]
[BlackTeam "Les Tours de Haute Picardie, SAINT QUENTIN"]
[WhiteFideId "3700488"]
[BlackFideId "4113250"]
[EventDate "2016.05.28"]

1. Nf3 d5 2. g3 Bg4 3. Bg2 c6 4. c4 e6 5. cxd5 Bxf3 6. Bxf3 cxd5 7. O-O Nc6 8.
d4 Nf6 9. e3 Be7 10. Nc3 O-O 11. Bd2 Rc8 12. Qe2 Ne8 13. Rfd1 Nd6 14. Be1 f5 15.
Bg2 Kh8 16. f3 Bf6 17. Bf2 Qe8 18. h4 Qh5 19. g4 Qf7 20. Bg3 Rfd8 21. Qf2 g6 22.
Rac1 Bg7 23. g5 h5 24. Bf1 Qe7 25. Ne2 Kh7 26. Nf4 Nf7 27. Rc5 Qe8 28. Rdc1 Nd6
29. b3 Qd7 30. Nd3 Nf7 31. R5c2 e5 32. dxe5 Nfxe5 33. Kg2 Nxd3 34. Bxd3 d4 35.
e4 Nb4 36. Rc7 Rxc7 37. Rxc7 Qe8 38. exf5 Nxd3 39. Qd2 Qb5 40. f6 Kh8 41. Rxg7
Rc8 42. Re7 Qf5 43. f7 Rf8 44. Re4 Nc5 45. Qxd4+ Kh7 46. Re5 1-0

[Event "TCh-FRA Top 12 2016"]
[Site "Drancy FRA"]
[Date "2016.06.01"]
[Round "5.4"]
[Board "5"]
[White "Marcelin, Cyril"]
[Black "Bauer, Christian"]
[Result "1/2-1/2"]
[WhiteTitle "GM"]
[BlackTitle "GM"]
[WhiteElo "2477"]
[BlackElo "2634"]
[WhiteTeam "Les Tours de Haute Picardie, SAINT QUENTIN"]
[BlackTeam "C.E. de BOIS COLOMBES"]
[WhiteFideId "607274"]
[BlackFideId "603767"]
[EventDate "2016.05.28"]

1. d4 f5 2. Nc3 Nf6 3. Bg5 c6 4. Bxf6 exf6 5. e3 Qb6 6. Rb1 d5 7. Bd3 g6 8. Qf3
Na6 9. a3 Qd8 10. Nge2 Nc7 11. h3 Ne6 12. g4 Ng5 13. Qg2 Qe7 14. gxf5 gxf5 15.
Nf4 Bd7 16. h4 Ne4 17. Nxe4 fxe4 18. Be2 O-O-O 19. Kd2 Kb8 20. c3 Bh6 21. Qh2
Ka8 22. Rbg1 Bc8 23. Rg2 c5 24. dxc5 Qxc5 25. Rd1 d4 26. cxd4 Qa5+ 27. Kc1 Rd6
28. Rd2 Bd7 29. Qg1 Rc8+ 30. Rc2 Rxc2+ 31. Kxc2 a6 32. Rg8+ Ka7 33. Kb1 Bxf4 34.
exf4 Be6 35. Rg3 Qd5 36. Rc3 Qxd4 37. Qg3 Qa4 38. f5 Rd1+ 39. Bxd1 Qxd1+ 40. Rc1
Ba2+ 41. Kxa2 Qxc1 42. Kb3 Qc6 43. Qe3+ Ka8 44. Qf4 h5 45. Ka2 Qd5+ 46. Ka1 a5
47. Kb1 Ka7 48. Ka1 Ka6 49. Kb1 Kb5 50. Ka1 Qd1+ 51. Ka2 Qd5+ 52. Ka1 Kc6 53.
Kb1 Qd3+ 54. Ka1 Qf3 55. Qc1+ Kb6 56. Qc8 Qd1+ 57. Ka2 Qd5+ 58. Ka1 a4 59. Kb1
Qd1+ 60. Ka2 Qb3+ 61. Ka1 Qd5 62. Kb1 Qd1+ 63. Ka2 Qd5+ 64. Ka1 Qd1+ 1/2-1/2

[Event "TCh-FRA Top 12 2016"]
[Site "Drancy FRA"]
[Date "2016.06.01"]
[Round "5.4"]
[Board "6"]
[White "Cornette, Matthieu"]
[Black "Cappon, John"]
[Result "1-0"]
[WhiteTitle "GM"]
[WhiteElo "2579"]
[BlackElo "2239"]
[WhiteTeam "C.E. de BOIS COLOMBES"]
[BlackTeam "Les Tours de Haute Picardie, SAINT QUENTIN"]
[WhiteFideId "620084"]
[BlackFideId "608459"]
[EventDate "2016.05.28"]

1. c4 e5 2. g3 Nc6 3. Nc3 Bc5 4. Bg2 a6 5. Nf3 d6 6. e3 Ba7 7. O-O Nge7 8. b3
O-O 9. h3 Qe8 10. d4 f6 11. Ba3 Qh5 12. dxe5 fxe5 13. g4 Qg6 14. Qb1 Qh6 15. Qe4
Be6 16. Nd5 Nxd5 17. cxd5 Bd7 18. Rfc1 Nd8 19. Rxc7 Bb5 20. g5 Qh5 21. Bxd6 Re8
22. h4 Bb6 23. Re7 Nf7 24. Rxf7 1-0

[Event "TCh-FRA Top 12 2016"]
[Site "Drancy FRA"]
[Date "2016.06.01"]
[Round "5.4"]
[Board "7"]
[White "Leconte, Maria"]
[Black "Vuilleumier, Alexandre"]
[Result "1-0"]
[WhiteTitle "WGM"]
[BlackTitle "IM"]
[WhiteElo "2217"]
[BlackElo "2384"]
[WhiteTeam "Les Tours de Haute Picardie, SAINT QUENTIN"]
[BlackTeam "C.E. de BOIS COLOMBES"]
[WhiteFideId "618446"]
[BlackFideId "1305662"]
[EventDate "2016.05.28"]

1. e4 c5 2. Nf3 d6 3. d4 cxd4 4. Qxd4 a6 5. Be3 Nc6 6. Qd2 Nf6 7. Nc3 e6 8.
O-O-O Qc7 9. Bf4 Ne5 10. Nxe5 dxe5 11. Bxe5 Qa5 12. Bd6 Nd7 13. f4 Bxd6 14. Qxd6
Qc5 15. Be2 Qxd6 16. Rxd6 Ke7 17. Rhd1 b5 18. e5 Ra7 19. a4 bxa4 20. Nxa4 g5 21.
g3 gxf4 22. gxf4 Rg8 23. Bf3 Rc7 24. b3 Nc5 25. Nxc5 Rxc5 26. b4 Rc7 27. Kb2 Rg6
28. R1d4 Rh6 29. h4 f6 30. h5 Bb7 31. Be2 Bc6 1-0

[Event "TCh-FRA Top 12 2016"]
[Site "Drancy FRA"]
[Date "2016.06.01"]
[Round "5.4"]
[Board "8"]
[White "Congiu, Mathilde"]
[Black "Waquet, Frederic"]
[Result "1-0"]
[WhiteTitle "WIM"]
[WhiteElo "2267"]
[BlackElo "2019"]
[WhiteTeam "C.E. de BOIS COLOMBES"]
[BlackTeam "Les Tours de Haute Picardie, SAINT QUENTIN"]
[WhiteFideId "634581"]
[BlackFideId "640719"]
[EventDate "2016.05.28"]

1. e4 e6 2. d4 d5 3. Nd2 Nf6 4. e5 Nfd7 5. Bd3 c5 6. c3 b6 7. Nh3 Ba6 8. Bxa6
Nxa6 9. O-O Nc7 10. Qg4 g6 11. Nf3 h6 12. a4 a6 13. Nf4 g5 14. Nh5 Rg8 15. h4
Be7 16. b3 Rg6 17. hxg5 hxg5 18. Be3 c4 19. bxc4 dxc4 20. Nd2 b5 21. Ne4 Rb8 22.
axb5 axb5 23. Bc1 Nd5 24. Ba3 Kf8 25. Bxe7+ Nxe7 26. Nhf6 Nxf6 27. Nxf6 Nd5 28.
Ne4 Kg7 29. Ra7 Qh8 30. Nxg5 1-0